The ABC's of 1-2-3 : release 2.2

Bibliographic Details
Main Author: Gilbert, Chris
Other Authors: Williams, Lourie
Format: Book
Published: Singapore : Tech Publ. , 1989
Subjects:

MARC

LEADER 00000cam a2200000 7i4500
001 0000009385
005 20161121.0
020 |a 9813091908 
040 |a INS 
090 0 0 |a HF5548.4.L67   |b G55 1989 
100 1 |a Gilbert, Chris 
245 1 4 |a The ABC's of 1-2-3 :   |b release 2.2   |c Chris Gilbert and Laurie Williams 
260 |a Singapore :   |b Tech Publ. ,   |c 1989 
300 |a 341p ;   |c 23cm. 
650 0 0 |a Electronic spreadsheet 
650 0 0 |a Lotus 1-2-3 (Computer program) 
700 1 |a Williams, Lourie 
999 |a 0000022691   |b BOOK   |c Open Shelf   |e Default branch